| 000 | 00877nam a2200253 i 4500 | ||
|---|---|---|---|
| 001 | bg | ||
| 100 | 1 | _aBULIŃSKI, Jerzy | |
| 245 | 1 | 0 |
_aPodstawy mechanizacji rolnictwa / _cJerzy Buliński, Maciej Miszczak. |
| 260 |
_aWarszawa : _bWydawnictwa Szkolne i Pedagogiczne, _c1996. |
||
| 300 |
_a298, [3] s. : _brys., wykr. ; _c24 cm. |
||
| 504 | _aBibliogr. | ||
| 521 | _aDla uczniów klas I i II zsz o zawodzie "rolnik" do przedmiotu "podstawy mechanizacji rolnictwa". | ||
| 650 | 9 |
_aRolnictwo _xnarzędzia i maszyny |
|
| 655 | _aPodręczniki szkolne | ||
| 700 | 1 | _aMISZCZAK, Andrzej | |
| 020 | _a8302061514 | ||
| 040 | _cBPK | ||
| 041 | 0 | _apol | |
| 080 | _a631.3(075.3) | ||
| 920 | _a83-02-06151-4 | ||
| 942 | _cKS | ||
| 008 | s pl f |000 0 pol | ||
| 999 |
_c51631 _d51631 |
||
| 856 |
_uhttp://koha.tu.koszalin.pl/cgi-bin/koha/opac-detail.pl?biblionumber=51631 _yKatalog online BPK |
||